| 000 | 00579nam a22001697a 4500 | ||
|---|---|---|---|
| 005 | 20231108075827.0 | ||
| 008 | 231108b |||||||| |||| 00| 0 eng d | ||
| 020 | _a0702122149 | ||
| 041 | _aEnglish | ||
| 082 | _a346.4 OLI | ||
| 100 |
_aOlivier, NJJ ; Pienaar, GJ and Van der Walt, C _lEnglish |
||
| 245 |
_aLaw of Property Students' Handbook / _cNJJ Olivier, GJ Pienaar and C Van der Walt |
||
| 260 |
_aCape Town : _bJuta and Company Ltd, _c1989 |
||
| 300 |
_bxxxii, 357 pages ; _c23 cm. |
||
| 650 |
_aLegal practice _bLaw |
||
| 942 |
_cBK _6ALISON_BN_VRIES |
||
| 999 |
_c402 _d402 |
||